000 00870nam a2200229 a 4500
999 _c11005
_d11005
001 11005
003 BD-JhCC
005 20190721130835.0
008 190621s20012018bg |||| |||| 000 0 ben d
020 _a9789849307433
035 _a(BD-JhCC)11005
040 _aBD-JhCC
_dBD-JhCC
041 _aben
082 _a891.4409
_bBAG 2018
100 _aবাগচী, প্রদোষকুমার
245 _aলেনিনের গ্রন্থাগার ভাবনা ও অধ্যয়ন /
_cপ্রদোষকুমার বাগচী,
260 _aঢাকা :
_bপ্রথম গ্রান্থিক প্রকাশ,
_c২০১৮.
300 _a২৯১ পৃ. :
_c১৯ সেমি.
504 _aগ্রন্থপঞ্জি অর্ন্তভূক্ত
650 _aBengali Literature
942 _2ddc
_cBK